000 00690nam a2200205Ia 4500
003 GCL
008 140319s9999 xx 000 0 ara d
040 _aGCL /
_cGCL
082 0 4 _a791.43
_bظ ن
100 1 _aظافر هندى عازار
245 1 0 _aنظرة على السينما العالمية المعاصرة /
_cظافر هندى عازار
260 _a[S.N] :
_bالمؤسسة الجامعية للدراسات والنشر والتوزيع ،
_c1987
300 _a511 ص
490 _a
650 0 4 _aصناعة وتجارة
650 0 4 _aالافلام السينمائية
650 0 4 _aسينما الاطفال
650 0 4 _aتاريخ ونقد
942 _2ddc
_cBK
999 _c58480
_d58480